Welcome to the Holygrace Academy Library

Please use search bar below to get started

HOW THINGS WORK (Record no. 2172)

MARC details
000 -LEADER
fixed length control field 00359nam a22001337a 4500
020 ## - INTERNATIONAL STANDARD BOOK NUMBER
ISBN 81-7223-538-0
082 ## - DEWEY DECIMAL CLASSIFICATION NUMBER
Classification number 030
Item number HAR/H
100 ## - MAIN ENTRY--AUTHOR NAME
Personal name HARPER COLLINS
245 ## - TITLE STATEMENT
Title HOW THINGS WORK
Remainder of title 2 - THE UNIVERSAL ENCYCLOPEDIA OF MACHINES
260 ## - PUBLICATION, DISTRIBUTION, ETC. (IMPRINT)
Place of publication UNITED KINGDOM
Name of publisher HARPER COLLINS
Year of publication 2003
300 ## - PHYSICAL DESCRIPTION
Number of Pages 591
650 ## - SUBJECT ADDED ENTRY--TOPICAL TERM
Topical Term GENERAL KNOWLEDGE
Geographic subdivision UNITED KINGDOM
942 ## - ADDED ENTRY ELEMENTS (KOHA)
Koha item type Books
Holdings
Withdrawn status Lost status Collection code Home library Current library Shelving location Date acquired Source of acquisition Cost, normal purchase price Full call number Accession Number Koha item type
    Reference Main Library Main Library SHELF 1 H -DICTIONARY, ENCYCLOPEDIA 10/10/2006 purchase 295.00 030 HAR/H 02825 Books